000 00981cam a2200289 a 4500
999 _c174
_d174
001 005466144
003 OSt
005 20190729144803.0
008 101101s2012 nyu d 000 1 eng
010 _a2010042661
020 _a9780062026095
_q(pbk.)
040 _aNCNU
_beng
_cNCNU
_dNCNU
_eAACR2
042 _anbic
082 0 0 _aFIC WEL
_222
100 1 _aWells, Robison E.
_eauthor
245 1 0 _aVariant /
_cRobison Wells.
250 _a1st ed.
260 _aNew York :
_bHarperTeen,
_c2012.
300 _a376 p. ;
_c22 cm.
500 _aSequel: Feedback.
520 _aAfter years in foster homes, seventeen-year-old Benson Fisher applies to New Mexico's Maxfield Academy in hopes of securing a brighter future, but instead he finds that the school is a prison and no one is what he or she seems.
650 1 _aBoarding schools
_xFiction.
650 1 _aSchools
_xFiction.
650 1 _aInterpersonal relations
_xFiction.
650 1 _aScience fiction.
942 _2ddc
_cFIC